[Event "SRB-chT3 South"]
[Site "Serbia"]
[Date "2017.10.15"]
[Round "11.1"]
[White "Stefanovic, Dejan"]
[Black "Veselinovic, Branislav"]
[Result "1-0"]
[WhiteElo "2018"]
[BlackElo "1886"]
[PlyCount "105"]
[EventDate "2017.09.03"]
[EventType "team-tourn"]
[EventRounds "11"]
[EventCountry "SRB"]
[SourceTitle "EXT 2022"]
[Source "ChessBase"]
[SourceDate "2021.10.06"]
[SourceVersion "1"]
[SourceVersionDate "2021.10.06"]
[SourceQuality "1"]

1. e4 c5 2. Nf3 Nc6 3. d4 cxd4 4. Nxd4 Qb6 5. Nb3 Nf6 6. Nc3 g6 7. Be3 Qd8 8. f3 Bg7 9. Qd2 0-0 10. 0-0-0 d6 11. g4 Be6 12. h4 Ne5 13. Qg2 Qc8 14. Be2 Nc4 15. Bxc4 Qxc4 16. h5 Rfc8 17. hxg6 fxg6 18. Bd4 Qa6 19. Kb1 Rc4 20. Qh2 Rxd4 21. Nxd4 Bf7 22. Nb3 Rc8 23. f4 Rxc3 24. bxc3 Nxe4 25. Rd3 Bxb3 26. axb3 Nxc3+ 27. Kc1 Qa3+ 28. Kd2 Ne4+ 29. Ke3 Nf6 30. Kf3 Qc5 31. Re1 Qc6+ 32. Kg3 Qd7 33. Qe2 Kf7 34. Re3 Ng8 35. Qc4+ d5 36. Qa4 Qc8 37. Qb5 Qc6 38. Qxc6 bxc6 39. Re6 c5 40. Ra6 Bc3 41. Re2 Nf6 42. Kf3 h5 43. gxh5 gxh5 44. Rxa7 Ng8 45. Rd7 d4 46. Rd5 Bb4 47. Rxh5 Nf6 48. Rhe5 Ng8 49. Ke4 Nf6+ 50. Kd3 Ng8 51. Kc4 Kf6 52. Rxc5 d3 53. cxd3 1-0

[Event "SRB-chT3 South"]
[Site "Serbia"]
[Date "2017.10.14"]
[Round "9.1"]
[White "Stefanovic, Dejan"]
[Black "Jovanovic, Dragan"]
[Result "1/2-1/2"]
[WhiteElo "2018"]
[BlackElo "2071"]
[PlyCount "21"]
[EventDate "2017.09.03"]
[EventType "team-tourn"]
[EventRounds "11"]
[EventCountry "SRB"]
[SourceTitle "EXT 2022"]
[Source "ChessBase"]
[SourceDate "2021.10.06"]
[SourceVersion "1"]
[SourceVersionDate "2021.10.06"]
[SourceQuality "1"]

1. e4 e5 2. Nc3 Nc6 3. Nf3 Nf6 4. Bb5 d6 5. 0-0 Bd7 6. d3 Be7 7. h3 0-0 8. Be3 a6 9. Ba4 h6 10. Qd2 Re8 11. Nh2 1/2-1/2

[Event "SRB-chT3 South"]
[Site "Serbia"]
[Date "2017.10.13"]
[Round "7.1"]
[White "Stefanovic, Dejan"]
[Black "Marinkovic, Vojkan"]
[Result "1/2-1/2"]
[WhiteElo "2018"]
[BlackElo "2031"]
[PlyCount "34"]
[EventDate "2017.09.03"]
[EventType "team-tourn"]
[EventRounds "11"]
[EventCountry "SRB"]
[SourceTitle "EXT 2022"]
[Source "ChessBase"]
[SourceDate "2021.10.06"]
[SourceVersion "1"]
[SourceVersionDate "2021.10.06"]
[SourceQuality "1"]

1. e4 e6 2. d4 d5 3. exd5 exd5 4. Bd3 Nf6 5. Nf3 Bg4 6. 0-0 Be7 7. Bg5 0-0 8. Nbd2 Ne4 9. Bxe7 Qxe7 10. Qc1 Nxd2 11. Nxd2 Nc6 12. c3 Rfe8 13. Re1 Qg5 14. Qc2 h5 15. Nf1 h4 16. Qd2 Qf6 17. h3 Bf5 1/2-1/2

[Event "SRB-chT3 South"]
[Site "Nis"]
[Date "2008.10.24"]
[Round "7"]
[White "Milosavljevic, Ivan"]
[Black "Stefanovic, Dejan"]
[Result "0-1"]
[WhiteElo "2078"]
[BlackElo "1950"]
[PlyCount "96"]
[EventDate "2008.09.14"]
[EventType "team"]
[EventRounds "11"]
[EventCountry "SRB"]
[SourceTitle "EXT 2012"]
[Source "ChessBase"]
[SourceDate "2011.11.24"]
[SourceVersion "1"]
[SourceVersionDate "2011.11.24"]
[SourceQuality "1"]

1. e4 c6 2. d4 d5 3. e5 Bf5 4. Nf3 e6 5. Bd3 Bxd3 6. Qxd3 Nd7 7. 0-0 c5 8. c4 dxc4 9. Qxc4 cxd4 10. Qxd4 Ne7 11. Nc3 Nc6 12. Qe4 Be7 13. Be3 0-0 14. Rad1 Qc8 15. Nb5 a6 16. Nd6 Qc7 17. Bg5 Ndxe5 18. Bxe7 Nxf3+ 19. Qxf3 Qxe7 20. Rd2 Rfd8 21. Rfd1 Rd7 22. Qg3 Rad8 23. h4 Nb4 24. a3 Nd5 25. Ne4 h6 26. h5 f5 27. Nc3 Nxc3 28. Qxc3 Rxd2 29. Rxd2 Rxd2 30. Qxd2 Kh7 31. Qe3 g6 32. hxg6+ Kxg6 33. f4 Qd7 34. Qg3+ Kh7 35. Qc3 Kg6 36. Qg3+ Kf7 37. Qh3 Qd1+ 38. Kh2 Qd2 39. Qxh6 Qxb2 40. Qh7+ Qg7 41. Qh5+ Ke7 42. Qf3 Qh8+ 43. Kg1 Qb2 44. Kh2 Qb5 45. Qc3 Kd6 46. Qd4+ Kc6 47. a4 Qc5 48. Qd8 Qd6 0-1

[Event "SRB-chT3 South"]
[Site "Nis"]
[Date "2008.10.24"]
[Round "10"]
[White "Stefanovic, Dejan"]
[Black "Milutinovic, Zoran"]
[Result "0-1"]
[WhiteElo "1950"]
[BlackElo "2161"]
[PlyCount "38"]
[EventDate "2008.09.14"]
[EventType "team"]
[EventRounds "11"]
[EventCountry "SRB"]
[SourceTitle "EXT 2012"]
[Source "ChessBase"]
[SourceDate "2011.11.24"]
[SourceVersion "1"]
[SourceVersionDate "2011.11.24"]
[SourceQuality "1"]

1. e4 c6 2. d4 d5 3. e5 Bf5 4. Nc3 e6 5. g4 Bg6 6. Nge2 h6 7. Nf4 Bh7 8. Nh5 Qb6 9. Na4 Qc7 10. Be3 Nd7 11. f4 0-0-0 12. c3 Kb8 13. b4 Ne7 14. Nc5 Ng6 15. h4 Be7 16. f5 exf5 17. gxf5 Nxh4 18. Nxd7+ Rxd7 19. f6 gxf6 0-1